000 00829nam a2200181Ia 4500
008 090630s9999 xx 000 0 und d
082 _b26508
100 _aप्रभू विट्ठल / प्रसाद पद्रमिनी.
245 _aविवाह मार्गदर्शन.
_cप्रभू विट्ठल / प्रसाद पद्रमिनी.
260 _bऔदुंबर - मुंबई.
_c2004
300 _a136
600 _aप्रभू विट्ठल / प्रसाद पद्रमिनी.
630 _aविवाह मार्गदर्शन.
655 _aइतर.
700 _aप्रभू विट्ठल / प्रसाद पद्रमिनी.
730 _aविवाह मार्गदर्शन.
942 _cBOOK
999 _c278364
_d278364